000 00563nam a22001937a 4500
003 OSt
005 20230726140809.0
008 160813s2003 cr||||| |||| 00| 0 spa d
040 _cladov
082 0 4 _a750
_bP419e
100 _9930
_aPeña Gómez, Rosa Meléndez de
_edirectora
245 _aEligio Pichardo/
_bRetrospectiva-Homenaje 1929-1984/
260 _aCuba
_c1984
_bGalería de Arte Moderno
300 _a32p.
_b19x27cm
653 1 0 _aARTE CONTEMPORANEO
653 1 0 _aCATALOGO
653 1 0 _aMUSEOS
942 _2ddc
_c1
_h750
_iP419e
999 _c4110
_d4110